00421nam a2200133Ia 45000010005000000080041000050200022000460820018000681000019000862450120001052600018002259010027002439990017002703451241024s9999 xx 000 0 und d a978-607-32-1636-4 a510.7/C389m/2 aTenoch Cedillo 0aMatemática para la educación normal. Guía para el aprendizaje y enseñanza de la geometría y la medición bPearsonc2013 a7/11/2013 1:57:50 p.m. c10830d10830